[Event "73. Deutsche Meisterschaft"]
[Site "Altenkirchen"]
[Date "2001.12.01"]
[Round "2"]
[White "Rabiega, Robert"]
[Black "Lutz, Christopher"]
[Result "1/2-1/2"]
[WhiteElo "2503"]
[BlackElo "2643"]
[PlyCount "72"]

1. e4 c5 2. Nf3 d6 3. Bc4 Nf6 4. e5 dxe5 5. Nxe5 e6 6. Qe2 Bd6 7. b3 O-O 8. Bb2
Bd7 9. Nc3 Nc6 10. Nxd7 Nxd7 11. Ne4 Be5 12. c3 a6 13. O-O Qc7 14. g3 g6 15.
Qe3 Ne7 16. d4 cxd4 17. cxd4 Bg7 18. Rac1 Qb8 19. Rfd1 Nb6 20. Nc5 Nbd5 21. Qe2
Rd8 22. a4 Rd6 23. Ba3 b5 24. Ne4 Rd8 25. Bxd5 Nxd5 26. Bc5 bxa4 27. bxa4 Qb3
28. a5 Qb5 29. Qd2 Rab8 30. h4 h5 31. Re1 Qb2 32. Qd3 Qb5 33. Qf3 Qb3 34. Qe2
Qb5 35. Qf3 Qb3 36. Qe2 Qb5 1/2-1/2

[Event "73. Deutsche Meisterschaft"]
[Site "Altenkirchen"]
[Date "2001.12.01"]
[Round "2"]
[White "Wahls, Matthias"]
[Black "Gutman, Lev"]
[Result "1-0"]
[WhiteElo "2580"]
[BlackElo "2489"]
[PlyCount "89"]

1. c4 Nf6 2. Nc3 g6 3. g3 Bg7 4. Bg2 O-O 5. e4 Nc6 6. Nge2 a6 7. O-O Rb8 8. d4
b5 9. e5 Ne8 10. c5 b4 11. Nd5 e6 12. Ne3 Ne7 13. Qa4 d6 14. Rd1 d5 15. Ng4 Bd7
16. Qc2 Nc6 17. h4 f6 18. exf6 Nxf6 19. Bg5 Qe8 20. Nxf6+ Bxf6 21. Bxf6 Rxf6
22. Qd2 Qf7 23. f4 h6 24. Nc1 Qg7 25. Qe3 g5 26. hxg5 hxg5 27. Ne2 gxf4 28.
Nxf4 Rh6 29. Rd2 Rf8 30. Re1 Ne7 31. Qe5 Qg4 32. Bh3 Rxh3 33. Nxh3 Rf5 34. Qxc7
Kf7 35. Nf2 Qf3 36. Nd3 Kf6 37. Qxd7 e5 38. dxe5+ Kf7 39. c6 Qxg3+ 40. Rg2 Qxd3
41. e6+ Kf6 42. Qa7 Qc4 43. Qe3 Qh4 44. c7 d4 45. Qe4 1-0

[Event "73. Deutsche Meisterschaft"]
[Site "Altenkirchen"]
[Date "2001.12.01"]
[Round "2"]
[White "Tischbierek, Ray"]
[Black "Hertneck, Gerald"]
[Result "1-0"]
[WhiteElo "2493"]
[BlackElo "2570"]
[Annotator "A.F. nach Raj Tischbierek"]
[PlyCount "61"]

1. e4 e6 2. d4 d5 3. Nd2 b6 {Selten, aber durchaus spielbar. Ide ist mit La6
die weissfeldrigen Laeufer abzutauschen.} 4. Ngf3 Nf6 5. Ne5 {
Hiernach kann Schwarz nicht so leicht den weissfeldrigen Laeufer abtauschen.} (
5. exd5 Nxd5 $5 {
Dies geschah in Kindermann - Hertneck am letzten Bundesligawochenende.}) 5...
Bb7 6. Bb5+ c6 7. Bd3 Nbd7 $6 {Besser Le7mit kleinem weissen Vorteil.} (7...
dxe4 8. Nxe4 Qxd4 9. Nxf6+ gxf6 10. Nxf7 Rg8 (10... Kxf7 11. Bg6+) 11. Qh5 $16)
8. Nxd7 Nxd7 9. e5 c5 10. c3 a5 {Schwarz will unbedingt den weissfeldrigen
Laeufer tauschen. Das Motiv zieht sich durch die ganze Partie.} 11. Qe2 Qc8 12.
O-O Be7 (12... Ba6 13. c4 $5) (12... cxd4 13. cxd4 Ba6 14. Nb1 $5) 13. Qg4 $16
Kf8 14. Re1 (14. f4 $5 g6 15. f5) 14... Ba6 15. Bb1 {Verhindert den Abtausch,
doch dafuer dauert es eine Weile bis der Ta1 ins Spiel kommt.} 15... cxd4 16.
cxd4 Ra7 17. Nf3 h6 18. Bd2 Rc7 19. a3 Qe8 20. h4 Rc6 21. Qf4 Kg8 22. h5 g5 23.
Qg3 Kg7 24. Nh2 f5 25. exf6+ Bxf6 26. Bg6 Qb8 27. Qh3 $1 (27. Qg4 $6 Nf8) 27...
Qd6 (27... Nf8 28. Bd3 $1 Bxd3 29. Qxd3 {
Und Schwarz spielt ohne den Turm auf h8,}) 28. Bc3 $1 e5 $2 {
Verliert sofort. Aber die schwarze Stellung war ohnehin sehr schlecht.} 29.
dxe5 Nxe5 30. Bxe5 Bxe5 31. Rxe5 (31. Rxe5 Qxe5 32. Qd7+) 1-0

[Event "73. Deutsche Meisterschaft"]
[Site "Altenkirchen"]
[Date "2001.12.01"]
[Round "2"]
[White "Bischoff, Klaus"]
[Black "Schlindwein, Rolf"]
[Result "1-0"]
[WhiteElo "2541"]
[BlackElo "2440"]
[PlyCount "45"]

1. Nf3 Nc6 2. d4 d5 3. e3 Bg4 4. Be2 Nf6 5. Nbd2 e6 6. h3 Bf5 7. a3 a6 8. b3 h6
9. Bb2 b5 10. c4 b4 11. Qc1 dxc4 12. Qxc4 Na5 13. Qc1 Ne4 14. O-O Qd5 15. axb4
Bxb4 16. Ba3 Nc3 17. Re1 Nxe2+ 18. Rxe2 Bxa3 19. Qxa3 Qb5 20. Ree1 Nc6 21. Rec1
Bd3 22. Rc5 Qb7 23. Qa4 1-0

[Event "73. Deutsche Meisterschaft"]
[Site "Altenkirchen"]
[Date "2001.12.01"]
[Round "2"]
[White "Christ, Ralf"]
[Black "Mueller, Karsten"]
[Result "0-1"]
[WhiteElo "2272"]
[BlackElo "2506"]
[PlyCount "104"]

1. e4 e6 2. d4 d5 3. Nc3 Bb4 4. e5 Ne7 5. Bd2 c5 6. Nb5 Bxd2+ 7. Qxd2 O-O 8. f4
Nbc6 9. Nf3 Qb6 10. dxc5 Qxc5 11. Bd3 Nb4 12. Nbd4 Nf5 13. Bxf5 exf5 14. O-O
Be6 15. Kh1 Rac8 16. c3 Nc6 17. Qf2 Nxd4 18. Nxd4 b5 19. a3 a5 20. Nc2 Qxf2 21.
Rxf2 Rc4 22. Rd1 Rfc8 23. Rd4 Rxd4 24. cxd4 h6 25. Kg1 g5 26. g3 Kh7 27. Ne3
gxf4 28. Rxf4 Kg6 29. Rf2 Kg5 30. Kg2 Rc1 31. Rf1 Rxf1 32. Kxf1 f4 33. h4+ Kh5
34. gxf4 Kxh4 35. Kf2 f5 36. exf6 Kh5 37. Kg3 Bf7 38. Nf5 Kg6 39. Nd6 b4 40. a4
Kxf6 41. f5 Bh5 42. Kf4 Bd1 43. Ne8+ Ke7 44. Nc7 Bxa4 45. Ke5 Bd7 46. Nxd5+ Kf7
47. Nb6 a4 48. Nc4 h5 49. Nd6+ Ke7 50. f6+ Kf8 51. Nc4 h4 52. Nb6 Be8 0-1

[Event "73. Deutsche Meisterschaft"]
[Site "Altenkirchen"]
[Date "2001.12.02"]
[Round "3"]
[White "Schulz, Karsten"]
[Black "Bischoff, Dieter"]
[Result "1/2-1/2"]
[WhiteElo "2268"]
[BlackElo "2313"]
[PlyCount "42"]


1. Nf3 Nf6 2. g3 g6 3. b3 Bg7 4. Bb2 O-O 5. Bg2 d6 6. d4 Nbd7 7. O-O e5 8. dxe5
Ng4 9. c4 dxe5 10. Qd2 Re8 11. h3 Nh6 12. Rd1 f6 13. Nc3 c6 14. Ne4 Nf7 15. h4
Qe7 16. a4 Nc5 17. Nxc5 Qxc5 18. a5 Qe7 19. a6 b6 20. Qc3 Qc7 21. Ne1 Be6
1/2-1/2

[Event "73. Deutsche Meisterschaft"]
[Site "Altenkirchen"]
[Date "2001.12.02"]
[Round "3"]
[White "Knuth, Hannes"]
[Black "Bruehl, Andreas"]
[Result "0-1"]
[WhiteElo "2313"]
[BlackElo "2277"]
[PlyCount "62"]


1. d4 d5 2. c4 c6 3. Nc3 Nf6 4. Bg5 dxc4 5. e4 b5 6. e5 Nd5 7. g3 h6 8. Bd2 Bf5
9. Bg2 Nb4 10. Kf1 Bd3+ 11. Nge2 Nc2 12. d5 b4 13. Kg1 bxc3 14. Nxc3 Na6 15. e6
g6 16. Qf3 f5 17. dxc6 Nc7 18. Nb5 Bg7 19. Nxc7+ Qxc7 20. Bf4 Be5 21. Qd5 Bxf4
22. Qd7+ Qxd7 23. cxd7+ Kd8 24. Bxa8 Nxa1 25. Kg2 Nc2 26. gxf4 Rf8 27. Rc1 Rf6
28. Bd5 Nd4 29. Re1 Be4+ 30. Bxe4 Rxe6 31. Rc1 Rxe4 0-1

[Event "73. Deutsche Meisterschaft"]
[Site "Altenkirchen"]
[Date "2001.12.02"]
[Round "3"]
[White "Grafl, Florian"]
[Black "Haensel, Thomas"]
[Result "1-0"]
[WhiteElo "2373"]
[BlackElo "2259"]
[PlyCount "63"]


1. e4 c5 2. Nf3 d6 3. d4 Nf6 4. Nc3 cxd4 5. Nxd4 a6 6. Be3 e5 7. Nb3 Be6 8. f3
Nbd7 9. Qd2 b5 10. a4 b4 11. Nd5 Bxd5 12. exd5 Nb6 13. Bxb6 Qxb6 14. a5 Qb7 15.
Bc4 Be7 16. Ra4 Rb8 17. Nc1 Nd7 18. Nd3 Bd8 19. b3 O-O 20. Kd1 Qc8 21. Rxb4 Ra8
22. Ra4 h6 23. h4 Re8 24. g4 e4 25. fxe4 Nf6 26. Nf2 Nxg4 27. Rg1 Nxf2+ 28.
Qxf2 Rxe4 29. Bxa6 Rxa6 30. Rxe4 Bxa5 31. Qf6 Bc3 32. Rxg7+ 1-0

[Event "73. Deutsche Meisterschaft"]
[Site "Altenkirchen"]
[Date "2001.12.02"]
[Round "3"]
[White "Kleeschaetzky, Rainer"]
[Black "Singer, Christoph"]
[Result "1-0"]
[WhiteElo "2318"]
[BlackElo "2300"]
[PlyCount "99"]


1. e4 e5 2. Nf3 Nc6 3. Bb5 Nf6 4. Qe2 d6 5. c3 Bd7 6. d3 g6 7. O-O Bg7 8. a3
O-O 9. Bc4 h6 10. b4 Nh5 11. Ne1 Kh8 12. g3 Bh3 13. Ng2 f5 14. exf5 d5 15. fxg6
Nf4 16. gxf4 Bxg2 17. Kxg2 exf4 18. Qh5 dxc4 19. d4 Qd7 20. Kh1 Nxd4 21. cxd4
Qxd4 22. Ra2 Qe4+ 23. f3 Qxb1 24. Re2 Rae8 25. Rxe8 Rxe8 26. Rg1 Qd3 27. Bxf4
Rf8 28. Bxh6 Qxf3+ 29. Qxf3 Rxf3 30. Bc1 Bd4 31. Rg4 Rf1+ 32. Kg2 Rg1+ 33. Kf3
Rxg4 34. Kxg4 Ba1 35. Kf5 Kg8 36. Bf4 c3 37. Ke4 Kg7 38. Kd3 c6 39. Bb8 a6 40.
Be5+ Kxg6 41. Bxc3 Bxc3 42. Kxc3 b6 43. a4 Kf5 44. a5 bxa5 45. bxa5 Kg4 46. Kc4
Kh3 47. Kc5 Kxh2 48. Kxc6 Kg3 49. Kb6 Kf4 50. Kxa6 1-0

[Event "73. Deutsche Meisterschaft"]
[Site "Altenkirchen"]
[Date "2001.12.02"]
[Round "3"]
[White "Schlindwein, Rolf"]
[Black "Christ, Ralf"]
[Result "1/2-1/2"]
[WhiteElo "2440"]
[BlackElo "2272"]
[PlyCount "57"]


1. e4 c5 2. Nc3 Nc6 3. g3 g6 4. d3 Bg7 5. Bg2 d6 6. Be3 e6 7. Qd2 Nd4 8. Nd1 e5
9. c3 Nc6 10. f4 Nge7 11. Nf3 exf4 12. gxf4 f5 13. Nf2 b6 14. e5 Be6 15. d4 c4
16. Ng5 Bd5 17. Nd1 Bh6 18. Bxd5 Nxd5 19. Qg2 Nce7 20. h4 Bxg5 21. hxg5 Qd7 22.
Bd2 Rc8 23. Rh4 O-O 24. Ne3 Nxe3 25. Bxe3 d5 26. O-O-O Rf7 27. Rdh1 Rc7 28. Rh6
Qe6 29. Bd2 1/2-1/2

[Event "73. Deutsche Meisterschaft"]
[Site "Altenkirchen"]
[Date "2001.12.02"]
[Round "3"]
[White "Gutman, Lev"]
[Black "Baramidze, David"]
[Result "1-0"]
[WhiteElo "2489"]
[BlackElo "2335"]
[PlyCount "69"]


1. Nf3 c5 2. g3 b6 3. Bg2 Bb7 4. O-O g6 5. c3 Bg7 6. d4 Nf6 7. Qb3 cxd4 8. Ne5
d5 9. cxd4 O-O 10. Nc3 Nc6 11. Rd1 e6 12. Bg5 h6 13. Bf4 Nd7 14. Nxc6 Bxc6 15.
Bd6 Re8 16. a4 Nf6 17. Be5 Qe7 18. a5 Nd7 19. Bxg7 Kxg7 20. Rdc1 bxa5 21. Rxa5
Reb8 22. Qa3 Qxa3 23. bxa3 a6 24. e3 Bb5 25. e4 dxe4 26. Nxe4 Rc8 27. Nc5 Bc6
28. Nxe6+ fxe6 29. Rxc6 Nf6 30. Rxe6 Rc1+ 31. Bf1 Rb8 32. Raxa6 Nd5 33. Rxg6+
Kf7 34. Rgc6 Re1 35. Kg2 1-0

[Event "73. Deutsche Meisterschaft"]
[Site "Altenkirchen"]
[Date "2001.12.02"]
[Round "3"]
[White "Lobron, Eric"]
[Black "Prusikhin, Mikhajlo"]
[Result "1/2-1/2"]
[WhiteElo "2524"]
[BlackElo "2502"]
[PlyCount "54"]


1. e4 c5 2. Nf3 e6 3. c3 d5 4. exd5 Qxd5 5. d4 Nf6 6. Be3 cxd4 7. cxd4 Nc6 8.
Nc3 Qd6 9. a3 Be7 10. Bd3 b6 11. O-O O-O 12. Re1 Bb7 13. Bc2 Ba6 14. Ne4 Nxe4
15. Bxe4 Bb7 16. Ne5 f5 17. Nxc6 fxe4 18. Nxe7+ Qxe7 19. Qg4 Rac8 20. Rac1 Qd7
21. h4 Qd5 22. Qg3 Rc6 23. Rxc6 Bxc6 24. Rc1 Rc8 25. h5 Qxh5 26. Rxc6 Qd1+ 27.
Kh2 Qh5+ 1/2-1/2

[Event "73. Deutsche Meisterschaft"]
[Site "Altenkirchen"]
[Date "2001.12.02"]
[Round "3"]
[White "Muranyi, Karl Jasmin"]
[Black "Scherer, Max"]
[Result "0-1"]
[WhiteElo "2331"]
[BlackElo "2310"]
[PlyCount "63"]


1. d4 b6 2. Bf4 Bb7 3. e3 e6 4. Nf3 f5 5. Nbd2 Nf6 6. Bd3 d6 7. Qe2 Nd5 8. Bg5
Be7 9. Bxe7 Qxe7 10. a3 O-O 11. h4 Nd7 12. Ng5 c5 13. c4 Nc7 14. O-O-O b5 15.
cxb5 a6 16. b6 Nd5 17. Kb1 h6 18. Ngf3 N7xb6 19. dxc5 Na4 20. cxd6 Qf6 21. Nc4
Nac3+ 22. bxc3 Nxc3+ 23. Kc2 Nxe2 24. Bxe2 Rac8 25. d7 Be4+ 26. Kd2 Rfd8 27.
Nfe5 Rxc4 28. Nxc4 Rxd7+ 29. Ke1 Qc3+ 30. Nd2 Bc2 31. Bc4 Qxc4 32. Rb1 0-1

[Event "73. Deutsche Meisterschaft"]
[Site "Altenkirchen"]
[Date "2001.12.02"]
[Round "3"]
[White "Wolter, Dr., Kai"]
[Black "Hammes, Michael"]
[Result "1/2-1/2"]
[WhiteElo "2295"]
[BlackElo "2374"]
[PlyCount "63"]


1. e4 e6 2. d4 d5 3. exd5 exd5 4. Nf3 Bg4 5. h3 Bh5 6. Qe2+ Qe7 7. Be3 Nc6 8.
g4 Bg6 9. Nc3 O-O-O 10. Bg2 Nf6 11. Nh4 Ne4 12. Nxg6 hxg6 13. Nxe4 dxe4 14.
O-O-O f5 15. Kb1 Qf7 16. gxf5 gxf5 17. c3 Bd6 18. d5 Ne7 19. f3 exf3 20. Bxf3
Kb8 21. c4 c5 22. dxc6 f4 23. Bf2 Nxc6 24. Bxc6 bxc6 25. Qe4 Qc7 26. Rd3 Rhe8
27. Qf3 Be5 28. Rhd1 Rxd3 29. Rxd3 Rd8 30. a3 Rxd3 31. Qxd3 Bf6 32. Qe4 1/2-1/2

[Event "73. Deutsche Meisterschaft"]
[Site "Altenkirchen"]
[Date "2001.12.02"]
[Round "3"]
[White "Bastian, Herbert"]
[Black "Berezovsky, Igor"]
[Result "0-1"]
[WhiteElo "2353"]
[BlackElo "2432"]
[PlyCount "76"]


1. e4 e5 2. Nf3 Nc6 3. Bc4 Bc5 4. c3 Nf6 5. d3 d6 6. b4 Bb6 7. Nbd2 Ne7 8. Bb3
c6 9. O-O O-O 10. a4 Ng6 11. Nc4 Bc7 12. Re1 Re8 13. Qc2 Nh5 14. Ne3 Nhf4 15.
d4 Qf6 16. dxe5 Nxe5 17. Nxe5 Qxe5 18. Nf1 a5 19. Be3 axb4 20. cxb4 Be6 21. Ng3
g6 22. Rad1 Bxb3 23. Qxb3 h5 24. Bc1 h4 25. Nf1 h3 26. gxh3 Bb6 27. Qf3 Ne6 28.
a5 Ba7 29. Qg4 Rad8 30. Kg2 Qc3 31. Bd2 Qb2 32. Rb1 Qc2 33. Rbc1 Qd3 34. Rc3
Qd4 35. Rf3 Qe5 36. Rd3 Qb5 37. Qg3 d5 38. Bc3 Qxd3 0-1

[Event "73. Deutsche Meisterschaft"]
[Site "Altenkirchen"]
[Date "2001.12.02"]
[Round "3"]
[White "Hertneck, Gerald"]
[Black "Handke, Florian"]
[Result "0-1"]
[WhiteElo "2570"]
[BlackElo "2407"]
[PlyCount "109"]


1. b3 c5 2. Bb2 b6 3. e4 Bb7 4. Nc3 e6 5. Nf3 Nc6 6. g3 Be7 7. Bg2 Bf6 8. O-O
Nge7 9. Re1 d6 10. Na4 Nd4 11. Nxd4 Bxd4 12. c3 Bxf2+ 13. Kxf2 b5 14. c4 bxa4
15. Bxg7 Rg8 16. Bf6 Rg6 17. Bh4 Qd7 18. Kg1 axb3 19. axb3 e5 20. Qh5 h6 21.
Rf1 Bc8 22. h3 Ng8 23. b4 cxb4 24. d4 Qc7 25. c5 dxc5 26. dxc5 a5 27. Rfc1 Rc6
28. g4 Rxc5 29. Rd1 Be6 30. g5 hxg5 31. Bxg5 Rc2 32. Qh8 f6 33. Bxf6 Qc5+ 34.
Kh1 Qf2 35. Qh5+ Kf8 36. Rg1 Bf7 37. Qd1 Rd2 38. Bh4 Rxd1 39. Bxf2 Rxa1 40.
Rxa1 b3 41. Bc5+ Kg7 42. Bd6 Kf6 43. Rf1+ Ke6 44. Ba3 Nf6 45. h4 Bg6 46. Bh3+
Kf7 47. Bf5 Rh8 48. Kg2 Rxh4 49. Kg3 Rh5 50. Bb2 Bxf5 51. exf5 Rg5+ 52. Kh3 e4
53. Bc3 a4 54. Ra1 Rxf5 55. Kg2 0-1

[Event "73. Deutsche Meisterschaft"]
[Site "Altenkirchen"]
[Date "2001.12.02"]
[Round "3"]
[White "von Herman, Ulf"]
[Black "Braun, Arik"]
[Result "0-1"]
[WhiteElo "2395"]
[BlackElo "2229"]
[PlyCount "116"]


1. e4 c5 2. Nf3 e6 3. c4 Nc6 4. Nc3 Nge7 5. d4 cxd4 6. Nxd4 Nxd4 7. Qxd4 Nc6 8.
Qd2 Be7 9. Be2 O-O 10. O-O a6 11. b3 Qc7 12. Bb2 b6 13. Rfd1 Rd8 14. Rac1 Bb7
15. f4 Rac8 16. Kh1 Qb8 17. Qe3 Bd6 18. e5 Bc5 19. Qg3 Nd4 20. Bd3 d6 21. exd6
Rxd6 22. b4 Bxb4 23. Ne2 e5 24. Nxd4 exd4 25. Bxd4 Rxd4 26. Bxh7+ Kxh7 27. Rxd4
Rc6 28. Rcd1 Be7 29. R1d2 Kg8 30. Qe1 Re6 31. Qd1 Qe8 32. f5 Re3 33. Re2 Bf6
34. Rdd2 Bg5 35. Rxe3 Qxe3 36. Re2 Qc3 37. Qf1 Bc6 38. Re1 Qc2 39. Re2 Qc1 40.
Re1 Qf4 41. Kg1 Qxf1+ 42. Kxf1 Bf4 43. Kf2 Bd6 44. h4 Bc5+ 45. Kg3 Bd7 46. Rf1
Kf8 47. Kh3 Ke7 48. g4 Kf6 49. Rd1 Bc6 50. Re1 a5 51. Kg3 a4 52. Rd1 Ke5 53. h5
a3 54. Rd8 Bd6 55. Rc8 Be4 56. Re8+ Kf6+ 57. Kh4 Bb1 58. Re2 Bf4 0-1

[Event "73. Deutsche Meisterschaft"]
[Site "Altenkirchen"]
[Date "2001.12.02"]
[Round "3"]
[White "Breutigam, Martin"]
[Black "Slobodjan, Roman"]
[Result "0-1"]
[WhiteElo "2411"]
[BlackElo "2522"]
[PlyCount "120"]


1. b3 c5 2. Bb2 Nc6 3. f4 d5 4. e3 a6 5. Nf3 Nf6 6. Be2 e6 7. O-O b6 8. Ne5 Qc7
9. Nxc6 Qxc6 10. c4 Be7 11. Bf3 Bb7 12. cxd5 exd5 13. Nc3 O-O 14. Qc2 b5 15.
Rac1 Rac8 16. Rfe1 Qb6 17. Kh1 Rfd8 18. Qf5 Rc7 19. Ne2 Ne4 20. Bxe4 dxe4 21.
Ng3 Qg6 22. Bc3 Rcc8 23. a3 Bf8 24. b4 Qxf5 25. Nxf5 Rd5 26. Ng3 Rd3 27. Ne2 f6
28. Kg1 Rd7 29. Ra1 Bd5 30. bxc5 Bxc5 31. Nd4 Bc4 32. Rec1 Kf7 33. Bb2 Bb6 34.
Rc2 Rdc7 35. Rac1 g6 36. Kf2 Ba5 37. Bc3 Bb6 38. Bb2 h5 39. h4 Ba5 40. Bc3 Bb6
41. Bb2 Bc5 42. Ra1 Be7 43. Bc3 Bd3 44. Rb2 Rc4 45. Bb4 Bd8 46. f5 Bc7 47. Bc3
gxf5 48. a4 bxa4 49. Rb7 f4 50. exf4 Rb8 51. Ra7 Kg8 52. Ke3 Bb6 53. Rd7 Rd8
54. Rxd8+ Bxd8 55. g4 hxg4 56. Rg1 Bb6 57. Rxg4+ Kh7 58. f5 a3 59. Rg1 a2 60.
Ra1 Bb1 0-1

[Event "73. Deutsche Meisterschaft"]
[Site "Altenkirchen"]
[Date "2001.12.02"]
[Round "3"]
[White "Mueller, Karsten"]
[Black "Wahls, Matthias"]
[Result "1-0"]
[WhiteElo "2503"]
[BlackElo "2580"]
[PlyCount "97"]


1. e4 c5 2. Nf3 e6 3. Nc3 a6 4. d4 cxd4 5. Nxd4 b5 6. Bd3 Qb6 7. Nb3 Qc7 8. a4
b4 9. Ne2 Bb7 10. Bf4 e5 11. Bg5 h6 12. Bh4 Be7 13. Bxe7 Nxe7 14. Qd2 a5 15. c3
Nbc6 16. Rc1 Qd6 17. O-O O-O 18. Rfd1 Rfd8 19. Qe3 bxc3 20. bxc3 Qc7 21. c4 Nb4
22. Nc3 Qc6 23. Nd5 Nc8 24. Be2 Qg6 25. Nc7 Ra7 26. Nb5 Ra8 27. f3 Bc6 28. c5
Ne7 29. Bc4 Qg5 30. Qf2 Rf8 31. Rd6 Ng6 32. Kh1 Kh7 33. Qd2 Nf4 34. Bf1 f5 35.
exf5 Qxf5 36. Nxa5 Rxa5 37. Qxb4 Rfa8 38. Nc3 Qg5 39. Ne4 Qe7 40. Bb5 Kh8 41.
Rcd1 Qe8 42. R6d2 Qg6 43. Qb2 Qe6 44. Rd6 Qe8 45. Nc3 Ne6 46. Nd5 Bxb5 47. axb5
Nxc5 48. Nc7 Ra2 49. Qxa2 1-0

[Event "73. Deutsche Meisterschaft"]
[Site "Altenkirchen"]
[Date "2001.12.02"]
[Round "3"]
[White "Lutz, Christopher"]
[Black "Jugelt, Tobias"]
[Result "1-0"]
[WhiteElo "2643"]
[BlackElo "2420"]
[PlyCount "81"]


1. e4 c6 2. d4 d5 3. Nc3 dxe4 4. Nxe4 Bf5 5. Ng3 Bg6 6. h4 h6 7. Nf3 Nd7 8. h5
Bh7 9. Bd3 Bxd3 10. Qxd3 Ngf6 11. Bf4 Qa5+ 12. Bd2 Qc7 13. O-O-O e6 14. Ne4 Be7
15. Nxf6+ Bxf6 16. Qe4 O-O-O 17. Kb1 c5 18. Bf4 Qc6 19. Qxc6+ bxc6 20. dxc5
Nxc5 21. Ne5 Bxe5 22. Bxe5 Rxd1+ 23. Rxd1 f6 24. Bf4 Nb7 25. Be3 a6 26. Bb6 Re8
27. Rd3 e5 28. Ra3 Nd6 29. Bc5 Ne4 30. Rxa6 Re6 31. Ra8+ Kb7 32. Ra7+ Kb8 33.
Be3 f5 34. Rxg7 f4 35. Ba7+ Ka8 36. f3 Nf6 37. Bc5 e4 38. Ra7+ Kb8 39. Re7 Rxe7
40. Bxe7 exf3 41. gxf3 1-0

[Event "73. Deutsche Meisterschaft"]
[Site "Altenkirchen"]
[Date "2001.12.02"]
[Round "3"]
[White "Huebner, Dr., Robert"]
[Black "Kalinitschew, Sergey"]
[Result "1-0"]
[WhiteElo "2612"]
[BlackElo "2487"]
[PlyCount "81"]


1. d4 Nf6 2. c4 c5 3. d5 b5 4. cxb5 a6 5. bxa6 d6 6. e4 Qa5+ 7. Bd2 Qb6 8. Na3
Bxa6 9. Bxa6 Qxa6 10. Qc2 Qa4 11. Qxa4+ Rxa4 12. f3 g6 13. Ne2 Bg7 14. Nc3 Rb4
15. b3 Nfd7 16. Rb1 Rb7 17. Nc4 O-O 18. a4 f5 19. Ke2 Na6 20. Rhf1 Rbb8 21. h3
Nc7 22. g4 fxe4 23. fxe4 Rfe8 24. Kd3 Ne5+ 25. Kc2 Ra8 26. Nxe5 Bxe5 27. Bf4
Bd4 28. Rbe1 Ra7 29. Rf3 Bg7 30. Bg3 Bd4 31. Ref1 Raa8 32. h4 Reb8 33. Bf4 Bg7
34. h5 Rb4 35. Bd2 Rab8 36. h6 Be5 37. Bg5 Bf6 38. Bxf6 exf6 39. Rxf6 c4 40.
Rf7 cxb3+ 41. Kb2 1-0